000 00409pab a2200157 454500
008 180718b2015 xxu||||| |||| 00| 0 eng d
100 _aThomas, Alex M.
245 _aEconomic survey 2014-15: growth policy and theory
260 _c2015
300 _ap.62-65.
362 _a8 Aug
650 _aEconomic growth
650 _aEconomic surveys
773 _aEconomic and Political Weekly
909 _a108693
999 _c108688
_d108688